Statistics for Football players starting with the letter H

Click here to take the quiz!

General Stats

  • This quiz has been taken 78 times
  • The average score is 12 of 16

Answer Stats

Answer% Correct
Thierry Henry
98%
Erling Haaland
97%
Eden Hazard
94%
Achraf Hakimi
92%
Kai Havertz
91%
Hulk
88%
Mats Hummels
88%
Joe Hart
85%
Jordan Henderson
85%
Gonzalo Higuaín
82%
Lucas Hernandez
79%
Klaas-Jan Huntelaar
71%
Sebastian Haller
68%
Héctor Herrera
48%
Atiba Hutchinson
32%
Bryan Heynen
3%

Score Distribution

Percentile by Number Answered

Percent of People with Each Score

Your Score History

You have not taken this quiz